00369pab a2200133 454500008004000000100001700040245006400057260000900121300001400130362000800144650001800152700001800170773004700188180718b2007 xxu||||| |||| 00| 0 eng d aBernier, Luc aThe governance of public enterprises: the Quebec experience c2007 ap.455-74. aSep aPublic sector aSimard, Louis aAnnals of Public and Cooperative Economics